| 000 | 01706nam a2200517 i 4500 | ||
|---|---|---|---|
| 001 | 46164 | ||
| 003 | KOSZ 005 | ||
| 005 | 20190805142558.0 | ||
| 008 | 991206s1999 pl a f f |000 0 pol | ||
| 015 | _aPB 1999/18936 | ||
| 020 | _a8386569093 | ||
| 035 | _a991012219649705066 | ||
| 035 | _a(PL-WaBN)b13309778-48omnis_nlop | ||
| 035 | _ab13309778 | ||
| 035 | _a(OCoLC)749474108 | ||
| 035 | _a(PL)b0000001330977 | ||
| 035 | _a(EXLNZ-48OMNIS_NETWORK)9910245108805606 | ||
| 040 |
_aWA N _cWA N _dKOSZ 005/HR |
||
| 041 | 0 | _apol | |
| 080 | _a656.1/.5 | ||
| 080 | _a519.87 | ||
| 080 | _a(075.8) | ||
| 100 | 1 |
_aLeszczyński, Jerzy _c(technologia transportu) _eAutor |
|
| 245 | 1 | 0 |
_aModelowanie systemów i procesów transportowych / _cJerzy Leszczyński. |
| 250 | _aWyd. 3. | ||
| 260 |
_aWarszawa : _bOficyna Wydawnicza Politechniki Warszawskiej, _c1999. |
||
| 300 |
_a258 s. : _brys., wykr. ; _c24 cm. |
||
| 336 |
_2rdacontent _aTekst _btxt |
||
| 337 |
_2rdamedia _aBez urządzenia pośredniczącego _bn |
||
| 338 |
_2rdacarrier _aWolumin _bnc |
||
| 380 | _aKsiążki | ||
| 380 | _aPublikacje dydaktyczne | ||
| 385 |
_mPoziom nauczania _aSzkoły wyższe |
||
| 388 | _a1901-2000 | ||
| 388 | _a1989-2000 | ||
| 504 | _aBibliogr. przy rozdz. | ||
| 650 | 7 |
_aTransport _2DBN |
|
| 650 | 7 | _aOrganizacja | |
| 650 | 7 | _aModele matematyczne | |
| 655 | 7 |
_aPodręczniki akademickie _2DBN |
|
| 658 | _aTransport i logistyka | ||
| 710 | 2 |
_aOficyna Wydawnicza Politechniki Warszawskiej _4pbl |
|
| 856 |
_uhttp://koha.tu.koszalin.pl/cgi-bin/koha/opac-detail.pl?biblionumber=46164 _yKatalog online BPK |
||
| 942 |
_2UKD _cKS |
||
| 999 |
_c46164 _d46164 |
||